| 000 -LEADER |
| fixed length control field |
00781nam a22001577a 4500 |
| 003 - CONTROL NUMBER IDENTIFIER |
| control field |
OSt |
| 005 - DATE AND TIME OF LATEST TRANSACTION |
| control field |
20151208150338.0 |
| 008 - FIXED-LENGTH DATA ELEMENTS--GENERAL INFORMATION |
| fixed length control field |
151205b xxu||||| |||| 00| 0 eng d |
| 040 ## - CATALOGING SOURCE |
| Transcribing agency |
RUA |
| 082 ## - DEWEY DECIMAL CLASSIFICATION NUMBER |
| Classification number |
FIS KIM 2003 B187 Or.1 |
| 100 ## - MAIN ENTRY--PERSONAL NAME |
| 9 (RLIN) |
4346 |
| Personal name |
KIM, SOPHEA. |
| 245 ## - TITLE STATEMENT |
| Title |
The effect of formulated golden snail with rice bran and cp hi-gro on the growth and survival rate of anabas testudineus (bloch), ប្រសិទ្ធភាពចំណីផ្សំខ្យងមាសជាមួយកន្ទក់និងគ្រាប់ស៊ីភីហៃក្រូទៅលើការលូតលាស់ និងអត្រារស់របសត្រីក្រាញ់ |
| 260 ## - PUBLICATION, DISTRIBUTION, ETC. (IMPRINT) |
| Place of publication, distribution, etc. |
Phnom Penh |
| Name of publisher, distributor, etc. |
RUA |
| Date of publication, distribution, etc. |
2003 |
| 300 ## - PHYSICAL DESCRIPTION |
| Extent |
37p. |
| Other physical details |
ill. |
| Dimensions |
29cm. |
| 942 ## - ADDED ENTRY ELEMENTS (KOHA) |
| Source of classification or shelving scheme |
|
| Koha item type |
FIS |